LEADER 01541nam 2200349Ia 450 001 996389925903316 005 20221107215646.0 035 $a(CKB)1000000000647935 035 $a(EEBO)2240924155 035 $a(OCoLC)9920473000971 035 $a(EXLCZ)991000000000647935 100 $a19950918d1603 uy | 101 0 $aeng 135 $aurbn||||a|bb| 200 10$aBy the King$b[electronic resource] $ealthough it cannot be without griefe to vs to publish, that in this our kingdome we should finde any subiect so contrary to all the rest of our louing people who ... haue made perfect proofe of their unspotted loyaltie .. 210 $aImprinted at London $cBy Robert Barker, Printer to the Kings most Excellent Maiestie$dAnno Dom. 1600 215 $a1 sheet ([1] p.) 300 $aOther title information from first 4 lines of text. 300 $aOrdering arrest of A. Copley for conspiracy against the king. 300 $a"Giuen at our Honour of Windsor the second day of Iuly, in the first yeere of our Reigne of England, France and Ireland, and the sixe and thirtieth of Scotland." 300 $aReproduction of original in: Society of Antiquaries. 330 $aeebo-0147 607 $aGreat Britain$xHistory$yJames I, 1603-1625 608 $aBroadsides$zLondon (England)$y17th century.$2rbgenr 701 $aJames$cKing of England,$f1566-1625.$01001019 801 0$bEBK 801 1$bEBK 801 2$bWaOLN 906 $aBOOK 912 $a996389925903316 996 $aBy the King$92299281 997 $aUNISA